000 00429pab a2200169 454500
008 180718b2005 xxu||||| |||| 00| 0 eng d
100 _aGhosh, Saibal
245 _aMarket discipline, capital adequacy and bank behaviour
260 _c2005
300 _ap.1210-215.
362 _a19 Mar
650 _aBanks - India
650 _aBanks
700 _aDas, Abhiman
773 _aEconomic and Political Weekly
909 _a64547
999 _c64547
_d64547